MANUAL OF OBSTETRICS (Record no. 794617)

MARC details
000 -LEADER
fixed length control field 00342pam a2200145 a 4500
020 ## - INTERNATIONAL STANDARD BOOK NUMBER
International Standard Book Number 8181472160
Terms of availability
041 ## - LANGUAGE CODE
Language code of original
082 ## - DEWEY DECIMAL CLASSIFICATION NUMBER
Classification number 618.2
Item number DAF
100 ## - MAIN ENTRY--PERSONAL NAME
Personal name DAFTARY, S .
245 ## - TITLE STATEMENT
Title MANUAL OF OBSTETRICS
Medium Textual Documents
260 ## - PUBLICATION, DISTRIBUTION, ETC.
Place of publication, distribution, etc. [s.l]:
Name of publisher, distributor, etc. ELSEVIER , ,
Date of publication, distribution, etc. 2004.
300 ## - PHYSICAL DESCRIPTION
Extent 493 : :
Other physical details VI ; ;
Dimensions A4.
650 ## - SUBJECT ADDED ENTRY--TOPICAL TERM
Topical term or geographic name entry element OBST.GYNE
930 ## - EQUIVALENCE OR CROSS-REFERENCE-UNIFORM TITLE HEADING [LOCAL, CANADA]
Uniform title 78
Holdings
Withdrawn status Lost status Damaged status Not for loan Collection Home library Current library Date acquired Source of acquisition Cost, normal purchase price Total Checkouts Full call number Barcode Date last seen Copy number Price effective from Koha item type Date due Date last checked out
          Medical College & Hospital, Sangli Medical College & Hospital, Sangli 27/05/2005 NATIONAL BOOK DEPOT. 395.00   618.2 DAF MCS-0441 26/07/2023 6 26/07/2023 Book    
          Medical College & Hospital, Sangli Medical College & Hospital, Sangli 27/05/2005 NATIONAL BOOK DEPOT. 395.00 1 618.2 DAF MCS-0440 10/11/2023 5 26/07/2023 Book 31/12/2050 10/11/2023
          Medical College & Hospital, Sangli Medical College & Hospital, Sangli 27/05/2005 NATIONAL BOOK DEPOT. 395.00 1 618.2 DAF MCS-0439 10/11/2023 4 26/07/2023 Book 31/12/2050 10/11/2023
          Medical College & Hospital, Sangli Medical College & Hospital, Sangli 27/05/2005 NATIONAL BOOK DEPOT. 395.00   618.2 DAF MCS-0438 26/07/2023 3 26/07/2023 Book    
          Medical College & Hospital, Sangli Medical College & Hospital, Sangli 27/05/2005 NATIONAL BOOK DEPOT. 395.00   618.2 DAF MCS-0437 26/07/2023 2 26/07/2023 Book    
          Medical College & Hospital, Sangli Medical College & Hospital, Sangli 27/05/2005 NATIONAL BOOK DEPOT. 395.00   618.2 DAF MCS-0436 26/07/2023 1 26/07/2023 Book